Decentralisation and Multi-level Governance in Kazakhstan

Salvato in:
Dettagli Bibliografici
Natura: Libro
Lingua:inglese
Pubblicazione: Paris OECD 2017
Serie:OECD Public Governance Reviews
Soggetti:
Tags: Aggiungi Tag
Nessun Tag, puoi essere il primo ad aggiungerne!!

MARC

LEADER 00000nam a2200000 4500
001 0241594
005 20240314122815.4
020 |a 978-92-64-28069-4 
041 0 |a eng 
044 |a FR 
245 1 0 |a Decentralisation and Multi-level Governance in Kazakhstan 
264 1 |a Paris  |b OECD  |c 2017 
300 |a 127 s. 
490 1 |a OECD Public Governance Reviews 
830 0 |a OECD Public Governance Reviews 
610 2 0 |a správa verejná 
610 2 0 |a správa štátna 
610 2 0 |a samospráva 
610 2 0 |a decentralizácia 
610 2 0 |a Kazachstan